| 000 | 00000nam##2200000za#4500 |
| 001 | 9.571714 |
| 003 | CaOODSP |
| 005 | 20210624182848 |
| 007 | cr ||||||||||| |
| 008 | 150406|2002||||xxc|||||o f|0| 0 eng|d |
| 040 | |aCaOODSP|beng |
| 043 | |an-cn--- |
| 086 | 1 |aNH18-23/102E-PDF |
| 110 | 2 |aCanada Mortgage and Housing Corporation. |
| 245 | 10|aInitiatives to maintain rooming house/single room occupancy stock and stabilize tenancies |h[electronic resource] |
| 260 | |aOttawa - Ontario : |bCanada Mortgage and Housing Corporation |cApril 2002. |
| 300 | |a6p. |
| 490 | 1 |aResearch highlight. Socio-economic series |v102 |
| 590 | |a11-22-Supp|b2011-10-13 |
| 690 | 07|aHousing|2gcpds |
| 690 | 07|aLeasing|2gcpds |
| 775 | 08|tInitiatives visant à conserver le parc de maisons de chambres et à en stabiliser l'occupation |w(CaOODSP)9.602139 |
| 776 | 0#|tInitiatives to maintain rooming house / single room occupancy stock and stabilize tenancies |w(CaOODSP)9.616013 |
| 830 | #0|aResearch highlight. Socio-economic series ;|v102|w(CaOODSP)9.505168 |
| 856 | 40|ahttp://publications.gc.ca|qPDF|s119 KB|uhttps://publications.gc.ca/collections/Collection/NH18-23-102E.pdf|y102 |